| 000 | 00515nam a22001937a 4500 | ||
|---|---|---|---|
| 003 | CEME | ||
| 005 | 20210628202337.0 | ||
| 008 | 210120b xxu||||| |||| 00| 0 eng d | ||
| 020 | _a0-07-116139-2 | ||
| 040 | _cceme | ||
| 082 | _a658.404 CLE | ||
| 100 |
_aCleland , David .I _97216 |
||
| 245 | _aProject management ,strategic design and implementation | ||
| 250 | _a3RD | ||
| 260 |
_aSINGAPORE _bMCGRAW HILL _c1999 |
||
| 300 | _aXX,560P | ||
| 650 |
_aINDUSTRIAL PROJECT MANAGEMENT. _959442 |
||
| 942 |
_cBK _2ddc |
||
| 999 |
_c569424 _d569424 |
||